Public-private partnership and private finance initiative for infrastructure projects

Bibliographic Details
Main Authors: Faizul Azli Mohd. Rahim (Author), Akmal Latiff Ayob (Author), Nurshuhada Zainon (Author), Saipol Bari Abd Karim (Author)
Format: Book
Language:English
Published: Kuala Lumpur : University of Malaya Press 2017
Subjects:

MARC

LEADER 00000cam a2200000 7i4500
001 0000030047
005 20220922.0
008 220919 my eng
020 |a 9789831008942 
040 |a INS   |b eng   |e rda 
090 0 0 |a HD3871.   |b F35 2017 
100 0 |a Faizul Azli Mohd. Rahim ,   |e author 
245 1 0 |a Public-private partnership and private finance initiative for infrastructure projects   |c Faizul Azli Mohd. Rahim, Nurshuhada Zainon, Saipol Bari Abd Karim, Akmal Latiff Ayob 
264 1 |a Kuala Lumpur :   |b University of Malaya Press   |c 2017 
300 |a viii, 104 pages ;   |c 23 cm. 
336 |a text  |2 rdacontent 
337 |a unmediated  |2 rdamedia 
338 |a volume  |2 rdacarrier 
504 |a Includes bibliographical references (pages 91-100) and index 
650 0 |a Infrastructure (Economics)   |z Malaysia   |x Finance 
650 0 |a Privatization   |z Malaysia 
650 0 |a Public-private sector cooperation   |z Malaysia 
700 0 |a Akmal Latiff Ayob ,   |e author 
700 0 |a Nurshuhada Zainon ,   |e author 
700 0 |a Saipol Bari Abd Karim ,   |e author 
999 |a 1000004589   |b BOOK   |c Open Shelf   |e Default branch